000 00912nam a22002897a 4500
001 BR9702037
003 BR-BrBNA
005 20230928095425.0
007 ta
008 230509b bl.||||| |||| 00| 0 por d
040 _aBR-BrBNA
_bpor
_cBiblioteca Nacional de Agricultura
041 _a(Por)
072 _aP34
_b1000
090 _ 1000 BR9702037
100 1 _aMelloni, R.
110 1 _aEscola Superior de Agricultura Luiz de Queiroz, Piracicaba, SP (Brasil)
_0Tese (Mestre em Agronomia)
245 1 _aQuantificacao de micelio extrarradicular de fungos micorrizicos arbusculares em plantas citricas
260 3 _aPiracicaba, SP (Brasil):
_c1996.
300 _a83 p.
500 _aBibliography p. 69-83; 6 tables; 14 illus.; Summaries (Eng, Por)
650 _aFruta Citrica
650 _aMicorriza
650 _aFungo
650 _aMicelio
909 _a202309
_bLucia
_c55
_dLucia Elande
942 _cBK
999 _c56484
_d56484